<?xml version="1.0" encoding="UTF-8"?>
<record
    xmlns:xsi="http://www.w3.org/2001/XMLSchema-instance"
    xsi:schemaLocation="http://www.loc.gov/MARC21/slim http://www.loc.gov/standards/marcxml/schema/MARC21slim.xsd"
    xmlns="http://www.loc.gov/MARC21/slim">

  <leader>00989c000a22002170004500</leader>
  <controlfield tag="003">EG-GiCUC</controlfield>
  <controlfield tag="008">081117s1977    fr a   g      000 0 ara d</controlfield>
  <datafield tag="040" ind1=" " ind2=" ">
    <subfield code="a">EG-GiCUC</subfield>
    <subfield code="b">ara</subfield>
    <subfield code="c">EG-GiCUC</subfield>
  </datafield>
  <datafield tag="092" ind1="0" ind2="4">
    <subfield code="a">551.462</subfield>
    <subfield code="b">K457</subfield>
    <subfield code="2">21</subfield>
  </datafield>
  <datafield tag="099" ind1=" " ind2=" ">
    <subfield code="a">04</subfield>
    <subfield code="a">551.462 K457</subfield>
  </datafield>
  <datafield tag="245" ind1="0" ind2="0">
    <subfield code="a">&#x62E;&#x637;&#x629; &#x639;&#x645;&#x644; &#x644;&#x62D;&#x648;&#x636; &#x627;&#x644;&#x628;&#x62D;&#x631; &#x627;&#x644;&#x627;&#x628;&#x64A;&#x636; &#x627;&#x644;&#x645;&#x62A;&#x648;&#x633;&#x637; &#x627;&#x644;&#x62E;&#x637;&#x629; &#x627;&#x644;&#x632;&#x631;&#x642;&#x627;&#x621;:</subfield>
    <subfield code="b">&#x645;&#x633;&#x62A;&#x642;&#x628;&#x644; &#x62D;&#x648;&#x636; &#x627;&#x644;&#x628;&#x62D;&#x631; &#x627;&#x644;&#x645;&#x62A;&#x648;&#x633;&#x637;:&#x645;&#x644;&#x62E;&#x635; &#x648;&#x627;&#x631;&#x634;&#x627;&#x62F;&#x627;&#x62A; &#x644;&#x644;&#x639;&#x645;&#x644;/</subfield>
    <subfield code="c">&#x628;&#x631;&#x646;&#x627;&#x645;&#x62C; &#x627;&#x644;&#x627;&#x645;&#x645; &#x627;&#x644;&#x645;&#x62A;&#x62D;&#x62F;&#x629; &#x644;&#x644;&#x628;&#x64A;&#x626;&#x629;</subfield>
  </datafield>
  <datafield tag="260" ind1=" " ind2=" ">
    <subfield code="a">&#x641;&#x631;&#x646;&#x633;&#x627;:</subfield>
    <subfield code="b">&#x645;&#x631;&#x643;&#x632; &#x627;&#x644;&#x627;&#x646;&#x634;&#x637;&#x629; &#x627;&#x644;&#x627;&#x642;&#x644;&#x64A;&#x645;&#x64A;&#x629; &#x644;&#x644;&#x62E;&#x637;&#x629; &#x627;&#x644;&#x632;&#x631;&#x642;&#x627;&#x621; &#x644;&#x644;&#x628;&#x62D;&#x631; &#x627;&#x644;&#x645;&#x62A;&#x648;&#x633;&#x637;:</subfield>
    <subfield code="c">1977</subfield>
  </datafield>
  <datafield tag="300" ind1=" " ind2=" ">
    <subfield code="a">92&#x635;:</subfield>
    <subfield code="b">&#x627;&#x64A;&#x636;&#x61B;</subfield>
    <subfield code="c">30&#x633;&#x645;</subfield>
  </datafield>
  <datafield tag="650" ind1=" " ind2="7">
    <subfield code="a">&#x627;&#x644;&#x628;&#x62D;&#x631; &#x627;&#x644;&#x627;&#x628;&#x64A;&#x636; &#x627;&#x644;&#x645;&#x62A;&#x648;&#x633;&#x637;</subfield>
    <subfield code="2">qrmak</subfield>
  </datafield>
  <datafield tag="710" ind1="2" ind2=" ">
    <subfield code="a">&#x628;&#x631;&#x646;&#x627;&#x645;&#x62C; &#x627;&#x644;&#x627;&#x645;&#x645; &#x627;&#x644;&#x645;&#x62A;&#x62D;&#x62F;&#x629; &#x644;&#x644;&#x628;&#x64A;&#x626;&#x629;</subfield>
  </datafield>
  <datafield tag="902" ind1=" " ind2=" ">
    <subfield code="a">1</subfield>
  </datafield>
  <datafield tag="905" ind1=" " ind2=" ">
    <subfield code="a">&#x62C;&#x64A;&#x647;&#x627;&#x646;</subfield>
    <subfield code="e">&#x645;&#x631;&#x627;&#x62C;&#x639;</subfield>
  </datafield>
  <datafield tag="905" ind1=" " ind2=" ">
    <subfield code="a">&#x631;&#x636;&#x627;</subfield>
    <subfield code="e">&#x645;&#x62F;&#x62E;&#x644;</subfield>
  </datafield>
  <datafield tag="942" ind1=" " ind2=" ">
    <subfield code="2">ddc</subfield>
    <subfield code="c">BK</subfield>
  </datafield>
  <datafield tag="999" ind1=" " ind2=" ">
    <subfield code="c">111087</subfield>
    <subfield code="d">111087</subfield>
  </datafield>
  <datafield tag="952" ind1=" " ind2=" ">
    <subfield code="2">ddc</subfield>
    <subfield code="7">0</subfield>
    <subfield code="a">CUCL</subfield>
    <subfield code="b">cl410</subfield>
    <subfield code="d">2024-02-11</subfield>
    <subfield code="o">551.462 K457 K.B.     </subfield>
    <subfield code="p">01000103001352000</subfield>
    <subfield code="r">2024-06-23 00:00:00</subfield>
    <subfield code="t">C.1</subfield>
    <subfield code="y">BK</subfield>
  </datafield>
</record>
